<?xml version="1.0" encoding="UTF-8"?>
<record
    xmlns:xsi="http://www.w3.org/2001/XMLSchema-instance"
    xsi:schemaLocation="http://www.loc.gov/MARC21/slim http://www.loc.gov/standards/marcxml/schema/MARC21slim.xsd"
    xmlns="http://www.loc.gov/MARC21/slim">

  <leader>01949    a2200205   4500</leader>
  <controlfield tag="001">58990</controlfield>
  <controlfield tag="005">20260407155844.0</controlfield>
  <controlfield tag="008">260407a1965    arg                 spa d</controlfield>
  <controlfield tag="003">AR-UNSa-BCEJYS</controlfield>
  <datafield tag="040" ind1=" " ind2=" ">
    <subfield code="a">AR-UNSa-BCEJYS</subfield>
    <subfield code="b">spa</subfield>
    <subfield code="c">AR-UNSa-BCEJYS</subfield>
  </datafield>
  <datafield tag="080" ind1=" " ind2=" ">
    <subfield code="a">631.15</subfield>
    <subfield code="x">Producci&#xF3;n de la explotaci&#xF3;n agr&#xED;cola. Gesti&#xF3;n de la explotaci&#xF3;n agr&#xED;cola. Administraci&#xF3;n de la explotaci&#xF3;n agr&#xED;cola  </subfield>
  </datafield>
  <datafield tag="245" ind1="1" ind2="0">
    <subfield code="a">La organizaci&#xF3;n econ&#xF3;mica de la agricultura</subfield>
  </datafield>
  <datafield tag="250" ind1=" " ind2=" ">
    <subfield code="a">2a. ed.</subfield>
  </datafield>
  <datafield tag="264" ind1=" " ind2="1">
    <subfield code="a">Buenos Aires :</subfield>
    <subfield code="b">Fondo de Cultura Econ&#xF3;mica</subfield>
    <subfield code="c">1965</subfield>
  </datafield>
  <datafield tag="300" ind1=" " ind2=" ">
    <subfield code="a">429 p.</subfield>
    <subfield code="c">21 cm.</subfield>
  </datafield>
  <datafield tag="505" ind1=" " ind2=" ">
    <subfield code="a">1. La agricultura en una econom&#xED;a en desarrollo - 2. Tres casos de desplazamiento de las curvas de demanda y oferta - 3. Puntos focales y condiciones que afectan los desplazamientos a largo plazo de la demanda - 4. La poblaci&#xF3;n todav&#xED;a crece - 5. Cuanteo de las elasticidades-ingreso - 6. Efectos de la diet&#xE9;tica sobre la oferta y la demanda - 7. El mejoramiento de la eficiencia productiva - 8. La declinaci&#xF3;n de la importancia econ&#xF3;mica de la tierra agr&#xED;cola - 9. Divergencias en el desarrollo econ&#xF3;mico relacionado con la localizaci&#xF3;n - 10. La disparidad de ingresos entre los n&#xFA;cleos de poblaci&#xF3;n y el desarrollo econ&#xF3;mico - 11. Condiciones b&#xE1;sicas de la inestabilidad econ&#xF3;mica de la agricultura - 12. La inestabilidad de los rendimientos - 13. La estabilidad de los insumos y de la producci&#xF3;n agr&#xED;colas - 14. La oferta de los productos durante el per&#xED;odo entre cosechas - 15. Actividades econ&#xF3;micas por organizar - 16. Organizaci&#xF3;n econ&#xF3;mica: posibilidades y preferencias - 17. La organizaci&#xF3;n de la agricultura para el desarrollo econ&#xF3;mico - 18. Los mercados de factores y el desarrollo econ&#xF3;mico - 19. Organizaci&#xF3;n de la agricultura para lograr estabilidad econ&#xF3;mica - 20. La organizaci&#xF3;n para lograr la estabilidad de precios.</subfield>
  </datafield>
  <datafield tag="942" ind1=" " ind2=" ">
    <subfield code="c">BK</subfield>
  </datafield>
  <datafield tag="590" ind1=" " ind2=" ">
    <subfield code="a">niveau_biblio:m niveau_hierar:0</subfield>
  </datafield>
  <datafield tag="100" ind1="1" ind2=" ">
    <subfield code="a">Schultz, Theodore W.</subfield>
  </datafield>
  <datafield tag="999" ind1=" " ind2=" ">
    <subfield code="c">6543</subfield>
    <subfield code="d">6543</subfield>
  </datafield>
  <datafield tag="952" ind1=" " ind2=" ">
    <subfield code="0">0</subfield>
    <subfield code="1">0</subfield>
    <subfield code="4">0</subfield>
    <subfield code="7">0</subfield>
    <subfield code="a">BCEJYS</subfield>
    <subfield code="b">BCEJYS</subfield>
    <subfield code="c">16</subfield>
    <subfield code="d">2026-04-07</subfield>
    <subfield code="l">0</subfield>
    <subfield code="o">631.15 S386o 2ed.</subfield>
    <subfield code="p">L26704</subfield>
    <subfield code="r">2026-04-07 15:58:44</subfield>
    <subfield code="w">2026-04-07</subfield>
    <subfield code="y">L</subfield>
  </datafield>
  <datafield tag="952" ind1=" " ind2=" ">
    <subfield code="0">0</subfield>
    <subfield code="1">0</subfield>
    <subfield code="4">0</subfield>
    <subfield code="7">0</subfield>
    <subfield code="a">BCEJYS</subfield>
    <subfield code="b">BCEJYS</subfield>
    <subfield code="c">16</subfield>
    <subfield code="d">2026-04-07</subfield>
    <subfield code="l">0</subfield>
    <subfield code="o">631.15 S386o 2ed.</subfield>
    <subfield code="p">L26672</subfield>
    <subfield code="r">2026-04-07 15:58:44</subfield>
    <subfield code="w">2026-04-07</subfield>
    <subfield code="y">L</subfield>
  </datafield>
</record>
